[Event "European Youth Chess Championship B18"]
[Site "Prague, Top Hotel Prague"]
[Date "2016.08.24"]
[Round "6.52"]
[White "Hons, Tomas"]
[Black "Ozcan, Kadir Kutay"]
[Result "0-1"]
[WhiteElo "2033"]
[BlackElo "1808"]
[PlyCount "72"]
[EventDate "2016.08.18"]

1. e4 c5 2. Nf3 d6 3. d4 cxd4 4. Nxd4 Nf6 5. Nc3 g6 6. Be3 Bg7 7. f3 O-O 8. Bc4
Nc6 9. Qd2 Nd7 10. O-O-O Nb6 11. Be2 Bd7 12. Nxc6 bxc6 13. Bh6 Be6 14. h4 f6
15. Bxg7 Kxg7 16. f4 Nc4 17. Bxc4 Bxc4 18. h5 Qa5 19. b3 Bf7 20. hxg6 hxg6 21.
Rh3 Rh8 22. Rdh1 Rxh3 23. Rxh3 Rh8 24. Rxh8 Kxh8 25. Kb2 g5 26. g3 Qc5 27. Na4
Qg1 28. Qc3 gxf4 29. gxf4 c5 30. e5 Kg7 31. exd6 exd6 32. b4 Qf1 33. a3 Qxf4
34. Kb1 Be8 35. Nb2 Qf1+ 36. Ka2 Bf7+ 0-1

[Event "European Youth Chess Championship B18"]
[Site "Prague, Top Hotel Prague"]
[Date "2016.08.24"]
[Round "6.53"]
[White "Sramek, Ondrej"]
[Black "Scott, Luke"]
[Result "1-0"]
[WhiteElo "1945"]
[BlackElo "2001"]
[PlyCount "51"]
[EventDate "2016.08.18"]

1. e4 e6 2. d4 d5 3. Nd2 Nf6 4. e5 Nfd7 5. Bd3 c5 6. c3 Nc6 7. Ne2 cxd4 8. cxd4
f6 9. exf6 Nxf6 10. Nf3 Bd6 11. O-O Qc7 12. Ng3 O-O 13. Re1 Bd7 14. Bg5 Rae8
15. Bxf6 Rxf6 16. Ng5 g6 17. Nh5 Bxh2+ 18. Kh1 Rxf2 19. Nxh7 gxh5 20. Re3 Re7
21. Qxh5 Rg7 22. Rxe6 Rff7 23. Rh6 Qf4 24. Nf6+ Kf8 25. Rh8+ Ke7 26. Nxd5+ 1-0

[Event "European Youth Chess Championship B18"]
[Site "Prague, Top Hotel Prague"]
[Date "2016.08.24"]
[Round "6.54"]
[White "Kuna, Martin"]
[Black "Ferreira, Hugo Miguel Da Costa"]
[Result "0-1"]
[WhiteElo "1832"]
[BlackElo "1975"]
[PlyCount "64"]
[EventDate "2016.08.18"]

1. e4 d5 2. exd5 Qxd5 3. Nc3 Qd6 4. d4 Nf6 5. Nf3 c6 6. Ne5 Nbd7 7. Nc4 Qc7 8.
Qf3 Nb6 9. Bf4 Qd8 10. Be5 Be6 11. Ne3 Nfd7 12. Bf4 g6 13. d5 cxd5 14. Nexd5
Nxd5 15. Nxd5 Qa5+ 16. Nc3 Bg7 17. Bd2 Qc7 18. Be2 O-O 19. O-O Nb6 20. Bf4 Qc8
21. Rfe1 Rd8 22. Bd3 Nd5 23. Be4 Nxc3 24. Bxb7 Bd5 25. Bxc8 Bxf3 26. gxf3 Raxc8
27. bxc3 Bxc3 28. Rad1 Bxe1 29. Rxe1 Rxc2 30. Rxe7 Rxa2 31. Bg5 Rd1+ 32. Kg2
Kg7 0-1

[Event "European Youth Chess Championship B18"]
[Site "Prague, Top Hotel Prague"]
[Date "2016.08.24"]
[Round "6.55"]
[White "Sucharda, David"]
[Black "Berthaut, Alexandre"]
[Result "1-0"]
[WhiteElo "2051"]
[BlackElo "1720"]
[PlyCount "67"]
[EventDate "2016.08.18"]

1. d4 Nf6 2. c4 g6 3. Nc3 d5 4. Bg5 Ne4 5. Nxe4 dxe4 6. e3 Bg7 7. Ne2 c5 8. Qd2
O-O 9. Rd1 Nc6 10. d5 Ne5 11. Nc3 f5 12. Be2 b6 13. O-O Nf7 14. Bf4 Nd6 15. a4
a5 16. b3 Bb7 17. f3 exf3 18. Bxf3 Qd7 19. h3 Rae8 20. e4 Bd4+ 21. Kh1 e5 22.
dxe6 Rxe6 23. exf5 Nxf5 24. Nd5 Ne7 25. Nc7 Bxf3 26. Nxe6 Bxg2+ 27. Qxg2 Qxe6
28. Rde1 Qd7 29. Bh6 Rxf1+ 30. Rxf1 Nf5 31. Qa8+ Kf7 32. Qf8+ Ke6 33. Re1+ Be5
34. Bf4 1-0

[Event "European Youth Chess Championship B18"]
[Site "Prague, Top Hotel Prague"]
[Date "2016.08.25"]
[Round "7.1"]
[White "Petrosyan, Manuel"]
[Black "Martirosyan, Haik M"]
[Result "1-0"]
[WhiteElo "2512"]
[BlackElo "2461"]
[PlyCount "81"]
[EventDate "2016.08.18"]

1. d4 Nf6 2. c4 e6 3. g3 c5 4. Nf3 cxd4 5. Nxd4 Bb4+ 6. Nc3 Ne4 7. Qd3 Bxc3+ 8.
bxc3 Nc5 9. Qe3 b6 10. Bg2 Bb7 11. Bxb7 Nxb7 12. Ba3 Na6 13. Nf5 Qf6 14. Nd6+
Nxd6 15. Bxd6 Rc8 16. O-O Nc5 17. Rfd1 Nb7 18. Be5 Qg6 19. Qf3 Na5 20. c5 Nc4
21. Bd6 bxc5 22. Bxc5 d5 23. Rab1 Kd7 24. Qf4 Kc6 25. Bxa7 Qf6 26. Qc1 Ra8 27.
Bd4 e5 28. Be3 Rxa2 29. Rxd5 Kxd5 30. Qd1+ Ke6 31. Qb3 Rc8 32. Qxa2 Qd8 33. Rb5
Rc6 34. f3 Kf6 35. Bc5 Qd1+ 36. Kf2 Nd2 37. Qd5 Re6 38. h4 Kg6 39. Rb2 Qf1+ 40.
Ke3 Nxf3 41. Qxf3 1-0

[Event "European Youth Chess Championship B18"]
[Site "Prague, Top Hotel Prague"]
[Date "2016.08.25"]
[Round "7.2"]
[White "Vavulin, Maksim"]
[Black "Kelires, Andreas"]
[Result "1/2-1/2"]
[WhiteElo "2559"]
[BlackElo "2483"]
[PlyCount "75"]
[EventDate "2016.08.18"]

1. e4 e5 2. Nf3 Nc6 3. d4 exd4 4. Nxd4 Nf6 5. Nxc6 bxc6 6. Qe2 Bc5 7. Be3 Qe7
8. Nd2 O-O 9. O-O-O Re8 10. f3 d5 11. Qf2 Bd6 12. Bd3 Be6 13. Rhe1 Reb8 14. c3
Ba3 15. Nb3 dxe4 16. Bc2 Bd6 17. Qh4 h6 18. fxe4 Rb5 19. h3 Bxb3 20. axb3 Re8
21. Bd4 Be5 22. Qf2 c5 23. Bxe5 Qxe5 24. Qf5 Rbb8 25. Qxe5 Rxe5 26. Rf1 Kf8 27.
Rf5 Rbe8 28. Rxe5 Rxe5 29. Re1 Ne8 30. Kd2 Nd6 31. Ke3 g5 32. Ra1 f5 33. Rxa7
fxe4 34. Rxc7 Nf5+ 35. Ke2 Ng3+ 36. Ke3 Nf5+ 37. Ke2 Ng3+ 38. Ke3 1/2-1/2

[Event "European Youth Chess Championship B18"]
[Site "Prague, Top Hotel Prague"]
[Date "2016.08.25"]
[Round "7.3"]
[White "Jarmula, Lukasz"]
[Black "Bellahcene, Bilel"]
[Result "1/2-1/2"]
[WhiteElo "2452"]
[BlackElo "2467"]
[PlyCount "59"]
[EventDate "2016.08.18"]

1. d4 d5 2. c4 e6 3. Nc3 c6 4. e3 f5 5. f4 Nf6 6. Nf3 b6 7. Ne5 Bd6 8. Be2 O-O
9. O-O Qe7 10. Bd2 Bb7 11. Be1 c5 12. Bh4 cxd4 13. exd4 Bb4 14. cxd5 Bxc3 15.
bxc3 Bxd5 16. Bf3 Qb7 17. Bxf6 gxf6 18. Nc4 Na6 19. Qe2 Nc7 20. Rae1 Rad8 21.
Bxd5 Qxd5 22. Ne3 Qc6 23. Qb2 Rd7 24. c4 Rfd8 25. d5 exd5 26. cxd5 Nxd5 27.
Nxf5 Qc5+ 28. Kh1 Kh8 29. Rc1 Qb4 30. Qf2 1/2-1/2

[Event "European Youth Chess Championship B18"]
[Site "Prague, Top Hotel Prague"]
[Date "2016.08.25"]
[Round "7.4"]
[White "Anikonov, Dmitry"]
[Black "Santos, Ruiz Miguel"]
[Result "1/2-1/2"]
[WhiteElo "2407"]
[BlackElo "2440"]
[PlyCount "75"]
[EventDate "2016.08.18"]

1. d4 Nf6 2. c4 e6 3. Nf3 d5 4. Nc3 Bb4 5. Bg5 h6 6. Bxf6 Qxf6 7. Qa4+ Nc6 8.
e3 O-O 9. Be2 dxc4 10. O-O Bd7 11. Bxc4 a6 12. Qc2 Bd6 13. Rac1 Rfc8 14. Rfd1
Be8 15. a3 Qe7 16. Ba2 Qf8 17. Ne4 Ne7 18. Nfd2 Ng6 19. Nc4 Bb5 20. Qc3 Bxc4
21. Qxc4 c6 22. g3 Qd8 23. Bb1 Nf8 24. Nxd6 Qxd6 25. Qd3 Rd8 26. Rc4 g6 27. h4
h5 28. Rc5 Qxc5 29. dxc5 Rxd3 30. Rxd3 Kg7 31. Kf1 Kf6 32. Ke2 Ke7 33. Rb3 Rb8
34. Be4 Nd7 35. Rc3 Rc8 36. Kd2 Rd8 37. Ke2 Ke8 38. Ke1 1/2-1/2

[Event "European Youth Chess Championship B18"]
[Site "Prague, Top Hotel Prague"]
[Date "2016.08.25"]
[Round "7.5"]
[White "Vykouk, Jan"]
[Black "Portela, Peleteiro Alberto"]
[Result "1-0"]
[WhiteElo "2434"]
[BlackElo "2340"]
[PlyCount "55"]
[EventDate "2016.08.18"]

1. e4 d6 2. d4 Nf6 3. Nc3 e5 4. Nf3 Nbd7 5. Bc4 Be7 6. a4 O-O 7. O-O c6 8. h3
h6 9. Re1 Re8 10. a5 Qc7 11. Ba2 Nf8 12. Be3 Ng6 13. d5 c5 14. Bc4 Nh7 15. a6
Ng5 16. axb7 Bxb7 17. Ba6 Reb8 18. b3 Bxa6 19. Rxa6 Rb4 20. Nd2 Nf4 21. h4 Nh7
22. g3 g5 23. hxg5 Bxg5 24. Qf3 Nh3+ 25. Kg2 Bxe3 26. fxe3 N3g5 27. Qf5 c4 28.
Rc6 1-0

[Event "European Youth Chess Championship B18"]
[Site "Prague, Top Hotel Prague"]
[Date "2016.08.25"]
[Round "7.6"]
[White "Molenda, Marcin"]
[Black "Kaczur, Florian"]
[Result "1/2-1/2"]
[WhiteElo "2277"]
[BlackElo "2426"]
[PlyCount "65"]
[EventDate "2016.08.18"]

1. d4 Nf6 2. Nf3 d5 3. c4 e6 4. Nc3 Nbd7 5. e3 a6 6. cxd5 exd5 7. Bd3 Bd6 8.
O-O O-O 9. Qc2 Re8 10. h3 Nf8 11. e4 dxe4 12. Nxe4 Nxe4 13. Bxe4 c6 14. Be3 h6
15. Rfd1 Qe7 16. Bf5 Be6 17. Bxe6 Qxe6 18. d5 cxd5 19. Qb3 Red8 20. Kh1 Be7 21.
Bb6 Rd6 22. Bc5 Rd7 23. Re1 Qf6 24. Bd4 Qd6 25. Ne5 Rdd8 26. Bb6 Re8 27. Rad1
Bf6 28. Rxd5 Qe6 29. Nd3 Qc6 30. Rc1 Qe6 31. Re1 Qc6 32. Rc1 Qe6 33. Re1
1/2-1/2

[Event "European Youth Chess Championship B18"]
[Site "Prague, Top Hotel Prague"]
[Date "2016.08.25"]
[Round "7.7"]
[White "Nguyen, Thai Dai Van"]
[Black "Marek, Matyas"]
[Result "1-0"]
[WhiteElo "2445"]
[BlackElo "2389"]
[PlyCount "29"]
[EventDate "2016.08.18"]

1. e4 c5 2. Nf3 d6 3. d4 cxd4 4. Nxd4 Nf6 5. Nc3 a6 6. Bg5 Nbd7 7. f4 h6 8.
Bxf6 gxf6 9. Qh5 Nc5 10. Bc4 e6 11. f5 Qa5 12. O-O Qb6 13. Kh1 Bg7 14. fxe6 O-O
15. e7 1-0

[Event "European Youth Chess Championship B18"]
[Site "Prague, Top Hotel Prague"]
[Date "2016.08.25"]
[Round "7.8"]
[White "Havelka, Josef"]
[Black "Kantor, Gergely"]
[Result "1/2-1/2"]
[WhiteElo "2277"]
[BlackElo "2411"]
[PlyCount "42"]
[EventDate "2016.08.18"]

1. e4 e5 2. Nf3 Nc6 3. Bb5 a6 4. Ba4 Nf6 5. O-O Be7 6. Re1 b5 7. Bb3 O-O 8. d4
d6 9. c3 Bg4 10. Be3 exd4 11. cxd4 Na5 12. Bc2 c5 13. h3 Bh5 14. g4 Bg6 15.
Nbd2 Nd7 16. d5 Bf6 17. Rb1 Nb6 18. Nf1 Rb8 19. Ng3 Na4 20. Bxa4 bxa4 21. Qxa4
Rb5 1/2-1/2

[Event "European Youth Chess Championship B18"]
[Site "Prague, Top Hotel Prague"]
[Date "2016.08.25"]
[Round "7.9"]
[White "Hauge, Lars Oskar"]
[Black "Toma, Radu-Cristian"]
[Result "1-0"]
[WhiteElo "2391"]
[BlackElo "2303"]
[PlyCount "41"]
[EventDate "2016.08.18"]

1. e4 c5 2. Nf3 e6 3. Nc3 Nc6 4. Bb5 Nge7 5. O-O a6 6. Bxc6 Nxc6 7. d4 cxd4 8.
Nxd4 Qc7 9. Re1 Be7 10. Nxc6 bxc6 11. e5 O-O 12. Bf4 Qb6 13. Ne4 Qxb2 14. Rb1
Qxa2 15. Rb3 Qa5 16. Nf6+ Bxf6 17. exf6 Qf5 18. Be5 gxf6 19. Rg3+ Kh8 20. Qg4
Qg6 21. Qb4 1-0

[Event "European Youth Chess Championship B18"]
[Site "Prague, Top Hotel Prague"]
[Date "2016.08.25"]
[Round "7.10"]
[White "Carnicelli, Valerio"]
[Black "Percivaldi, Martin"]
[Result "1/2-1/2"]
[WhiteElo "2244"]
[BlackElo "2361"]
[PlyCount "105"]
[EventDate "2016.08.18"]

1. e4 e6 2. d4 d5 3. Nc3 Nf6 4. Bg5 Bb4 5. e5 h6 6. Be3 Ne4 7. Qg4 Kf8 8. a3
Bxc3+ 9. bxc3 Nxc3 10. Bd3 Nc6 11. Nf3 Ne7 12. a4 Bd7 13. a5 Bb5 14. O-O Bxd3
15. cxd3 a6 16. Bd2 Nb5 17. Bb4 Kg8 18. h4 Nc6 19. Bd2 Qe7 20. Rfb1 Kh7 21. Ra4
f5 22. Qg3 Qe8 23. Rc1 Rf8 24. Kf1 Qh5 25. Qf4 Qg4 26. g3 Qxf4 27. gxf4 Kg6 28.
Ke2 Rac8 29. Ke3 Kf7 30. Be1 Rg8 31. Bd2 g6 32. Ra2 Ke7 33. Ra4 Rg7 34. Ke2
Rcg8 35. Be3 Kd8 36. Ke1 Rh7 37. Ke2 Rhg7 38. Ke1 Re8 39. Ke2 Rgg8 40. Ke1 Kd7
41. Ke2 Ra8 42. Bd2 b6 43. Rg1 Ke7 44. Rc1 Nd8 45. Rca1 Nc6 46. axb6 cxb6 47.
Rxa6 Nbxd4+ 48. Nxd4 Nxd4+ 49. Kd1 Rxa6 50. Rxa6 Nc6 51. Rxb6 Rc8 52. Rb7+ Kf8
53. Bb4+ 1/2-1/2

[Event "European Youth Chess Championship B18"]
[Site "Prague, Top Hotel Prague"]
[Date "2016.08.25"]
[Round "7.11"]
[White "Grigorian, Spartak"]
[Black "Alexiadis, Hristos"]
[Result "1-0"]
[WhiteElo "2340"]
[BlackElo "2226"]
[PlyCount "53"]
[EventDate "2016.08.18"]

1. d4 Nf6 2. c4 e6 3. Nc3 Bb4 4. e3 O-O 5. Bd3 c5 6. Nf3 Nc6 7. O-O Bxc3 8.
bxc3 d6 9. Rb1 e5 10. Nd2 Re8 11. d5 Ne7 12. e4 Ng6 13. Re1 Rf8 14. Nf1 h6 15.
g3 Nh7 16. Ne3 Ng5 17. Nf5 Qf6 18. Qh5 Bxf5 19. exf5 e4 20. Bxe4 Nxe4 21. Rxe4
Qxc3 22. Bxh6 Qd3 23. Rbe1 Ne5 24. Bxg7 Kxg7 25. Qg5+ Ng6 26. f6+ Kh7 27. Rh4+
1-0

[Event "European Youth Chess Championship B18"]
[Site "Prague, Top Hotel Prague"]
[Date "2016.08.25"]
[Round "7.12"]
[White "Suarez, Gomez Julio"]
[Black "Bakhmatsky, Vladislav"]
[Result "1-0"]
[WhiteElo "2429"]
[BlackElo "2296"]
[PlyCount "73"]
[EventDate "2016.08.18"]

1. e4 c5 2. Nf3 d6 3. d4 cxd4 4. Nxd4 Nf6 5. Nc3 a6 6. a4 e5 7. Nf3 Qc7 8. Bg5
Nbd7 9. Nd2 b6 10. Bc4 Bb7 11. Qe2 Be7 12. O-O O-O 13. Rfd1 Rfc8 14. b3 h6 15.
Bxf6 Nxf6 16. Nf1 Qc5 17. Ra2 b5 18. Nd5 Bxd5 19. Bxd5 Rab8 20. Ne3 g6 21. Qf3
Rf8 22. g3 Kg7 23. Rb1 Nxd5 24. Nxd5 Bd8 25. axb5 axb5 26. Qe2 Bb6 27. b4 Qc8
28. Kg2 f5 29. f3 fxe4 30. Qxe4 Rf7 31. Rba1 Qf5 32. Ra6 Qxe4 33. fxe4 Rfb7 34.
Rf1 Ba7 35. Rxd6 Rc8 36. c3 Rc4 37. Rff6 1-0

[Event "European Youth Chess Championship B18"]
[Site "Prague, Top Hotel Prague"]
[Date "2016.08.25"]
[Round "7.13"]
[White "Livaic, Leon"]
[Black "Sawlin, Leonid"]
[Result "1-0"]
[WhiteElo "2444"]
[BlackElo "2322"]
[PlyCount "65"]
[EventDate "2016.08.18"]

1. d4 d5 2. c4 e6 3. Nc3 Be7 4. Nf3 Nf6 5. Bg5 h6 6. Bh4 O-O 7. e3 Ne4 8. Bxe7
Qxe7 9. Rc1 c6 10. Bd3 Nxc3 11. Rxc3 dxc4 12. Bxc4 Nd7 13. O-O b6 14. Qe2 c5
15. Rfc1 Bb7 16. Bb5 Nf6 17. dxc5 Ne4 18. R3c2 bxc5 19. Bd3 Rac8 20. b4 f5 21.
Ba6 Bxa6 22. Qxa6 Rc7 23. Nd4 e5 24. Qc4+ Qf7 25. Nb3 Qxc4 26. Rxc4 Rd7 27.
bxc5 Nd2 28. c6 Nxc4 29. cxd7 Nb6 30. Rc7 Rd8 31. Nc5 Kf7 32. Rxa7 Ke7 33. Kf1
1-0

[Event "European Youth Chess Championship B18"]
[Site "Prague, Top Hotel Prague"]
[Date "2016.08.25"]
[Round "7.14"]
[White "Filipets, Egor"]
[Black "Blahynka, Martin"]
[Result "0-1"]
[WhiteElo "2301"]
[BlackElo "2431"]
[PlyCount "50"]
[EventDate "2016.08.18"]

1. d4 Nf6 2. c4 e6 3. Nf3 c5 4. d5 b5 5. Bg5 exd5 6. cxd5 h6 7. Bf4 Bb7 8. e4
Nxe4 9. Bd3 Bd6 10. Bxh6 Nxf2 11. Kxf2 Rxh6 12. Bxb5 c4 13. Nc3 Qb6+ 14. Kf1
Na6 15. a4 Kf8 16. a5 Qc5 17. Qd4 Nb4 18. Qxc5 Bxc5 19. Bxd7 Nxd5 20. a6 Ne3+
21. Ke2 Bxf3+ 22. gxf3 Rd8 23. Bb5 Rg6 24. Rhg1 Ng2 25. Bxc4 Nf4+ 0-1

[Event "European Youth Chess Championship B18"]
[Site "Prague, Top Hotel Prague"]
[Date "2016.08.25"]
[Round "7.15"]
[White "Beerdsen, Thomas"]
[Black "Pulpan, Jakub"]
[Result "1/2-1/2"]
[WhiteElo "2424"]
[BlackElo "2321"]
[PlyCount "69"]
[EventDate "2016.08.18"]

1. e4 c5 2. Nf3 d6 3. Bb5+ Bd7 4. Bxd7+ Nxd7 5. O-O Ngf6 6. Qe2 e6 7. d4 cxd4
8. Nxd4 Be7 9. c4 a6 10. b3 Rc8 11. Bb2 O-O 12. Nc3 Qa5 13. Rad1 Rfe8 14. f4
Bf8 15. Kh1 Qh5 16. Nf3 e5 17. f5 g6 18. Ng1 Qxe2 19. Ngxe2 b5 20. Ba3 bxc4 21.
Bxd6 cxb3 22. axb3 Rc6 23. Bxf8 Kxf8 24. fxg6 hxg6 25. Rf3 Rb8 26. g4 Nc5 27.
Rdf1 Ncxe4 28. Nxe4 Nxe4 29. Rxf7+ Kg8 30. Re7 Rc2 31. Rff7 Ng5 32. Rg7+ Kf8
33. h4 Rxe2 34. hxg5 Rxb3 35. Rgf7+ 1/2-1/2

[Event "European Youth Chess Championship B18"]
[Site "Prague, Top Hotel Prague"]
[Date "2016.08.25"]
[Round "7.16"]
[White "Juhasz, Armin"]
[Black "Meunier, Clement"]
[Result "1-0"]
[WhiteElo "2411"]
[BlackElo "2293"]
[PlyCount "97"]
[EventDate "2016.08.18"]

1. Nf3 Nf6 2. c4 g6 3. Nc3 Bg7 4. d4 O-O 5. e4 d6 6. Be2 Nbd7 7. O-O e5 8. Be3
Qe7 9. dxe5 dxe5 10. Nd5 Qd8 11. Qc2 c6 12. Nxf6+ Bxf6 13. b4 a5 14. a3 Qe7 15.
Rab1 Rd8 16. Rfd1 Nf8 17. Bc5 Rxd1+ 18. Rxd1 Qe8 19. h3 Ne6 20. Bd6 Nf4 21. Bf1
g5 22. Qc3 Ng6 23. Nh2 Be6 24. c5 Bd8 25. Ng4 f6 26. g3 Kg7 27. Ne3 Ne7 28. Bc4
Ng6 29. Kg2 Qg8 30. Nf5+ Kh8 31. Nh6 Qe8 32. Qb3 Bxc4 33. Qxc4 Kg7 34. Nf5+ Kh8
35. Nh6 Kg7 36. Nf5+ Kh8 37. Qb3 Qg8 38. Rb1 Qxb3 39. Rxb3 a4 40. Rb2 b5 41.
cxb6 Bxb6 42. Rc2 Rc8 43. Bc5 Bd8 44. Rd2 Bc7 45. Rd7 Kg8 46. Kf3 Bb8 47. Kg4
Re8 48. Kh5 Nf8 49. Bxf8 1-0

[Event "European Youth Chess Championship B18"]
[Site "Prague, Top Hotel Prague"]
[Date "2016.08.25"]
[Round "7.17"]
[White "Christiansen, Johan-Sebastian"]
[Black "Egri, Laszlo Jr"]
[Result "1-0"]
[WhiteElo "2404"]
[BlackElo "2257"]
[PlyCount "219"]
[EventDate "2016.08.18"]

1. d4 d6 2. c4 e5 3. Nf3 e4 4. Nfd2 f5 5. e3 Nf6 6. Nc3 c6 7. Qb3 g6 8. Be2 Bg7
9. O-O Qe7 10. a4 O-O 11. Qa3 a5 12. b4 axb4 13. Qxb4 c5 14. dxc5 dxc5 15. Qb5
Nc6 16. Nb3 Nd7 17. Nd5 Qd6 18. Ra2 Nce5 19. a5 b6 20. a6 Bb7 21. Rd1 Bc6 22.
Nxb6 Qxd1+ 23. Bxd1 Bxb5 24. Nxa8 Bxc4 25. Nc7 Nb6 26. a7 Na8 27. Nxa8 Rxa8 28.
Ra4 Bb5 29. Ra5 Bd3 30. Nxc5 Nc6 31. Bb3+ Kh8 32. Ra3 Rxa7 33. Rxa7 Nxa7 34.
Nxd3 exd3 35. Bc4 Nc6 36. Bxd3 Ne5 37. Bb5 Bf6 38. h3 Kg7 39. Kf1 Nf7 40. Ba3
Ne5 41. Ke2 h5 42. f4 Nf7 43. Kd3 Nd8 44. Kc4 Ne6 45. Bd7 Kf7 46. Bd6 Nf8 47.
Bc8 Be7 48. Be5 Nh7 49. Kd5 Nf6+ 50. Kc6 Ba3 51. Ba6 Ke7 52. Bd3 Ke6 53. Bc4+
Ke7 54. Bc3 Ne4 55. Bd4 Nf6 56. Bd3 Ke6 57. Bc3 Ke7 58. Be1 Ke6 59. Be2 Ke7 60.
Ba5 Ne4 61. Bf3 Nf6 62. Bb6 Ke6 63. Be2 Ke7 64. Bd3 Bb4 65. Bc2 Ba3 66. Ba5 Ke8
67. Bb3 Ke7 68. Bb6 Ne4 69. Bd5 Nf6 70. Bc5+ Bxc5 71. Kxc5 Nd7+ 72. Kd4 Kf6 73.
Bc6 Nf8 74. Kd5 Ne6 75. Kd6 Nf8 76. Be8 Nh7 77. Bb5 Nf8 78. Be2 h4 79. Bc4 Nh7
80. Kd7 Kg7 81. Ke6 Nf6 82. Bd3 Nh5 83. Bxf5 gxf5 84. Kxf5 Ng3+ 85. Kg4 Nf1 86.
Kxh4 Nxe3 87. g4 Kg6 88. Kg3 Nf1+ 89. Kf2 Nd2 90. Ke3 Nf1+ 91. Ke2 Ng3+ 92. Kf2
Ne4+ 93. Ke3 Ng3 94. h4 Kf6 95. Kf3 Nf1 96. h5 Nh2+ 97. Kg3 Nf1+ 98. Kh4 Ne3
99. Kh3 Nf1 100. g5+ Kf5 101. h6 Kg6 102. f5+ Kh7 103. Kg4 Ne3+ 104. Kf4 Ng2+
105. Ke5 Ne3 106. Ke6 Ng2 107. Kf7 Nh4 108. g6+ Kxh6 109. g7 Nxf5 110. g8=Q 1-0

[Event "European Youth Chess Championship B18"]
[Site "Prague, Top Hotel Prague"]
[Date "2016.08.25"]
[Round "7.18"]
[White "Fidalgo, Andre Neves"]
[Black "Rydl, Jiri"]
[Result "0-1"]
[WhiteElo "2266"]
[BlackElo "2401"]
[PlyCount "134"]
[EventDate "2016.08.18"]

1. e4 e6 2. d4 d5 3. Nd2 Nc6 4. Ngf3 Nf6 5. e5 Nd7 6. Bd3 Nb4 7. Be2 c5 8. c3
Nc6 9. O-O Be7 10. Nb3 cxd4 11. cxd4 a5 12. a4 b6 13. Bb5 Nb4 14. Bd2 O-O 15.
Qe2 Nb8 16. Rac1 N8a6 17. Bxb4 Nxb4 18. Ne1 Bd7 19. Nc2 Qe8 20. Na3 Nc6 21. Nb1
Na7 22. Bxd7 Qxd7 23. Nc3 Rfc8 24. Nd2 Bb4 25. Ndb1 Rc4 26. Qd3 Rac8 27. b3
R4c7 28. Ne2 b5 29. Rxc7 Rxc7 30. Nbc3 bxa4 31. Nxa4 Qb5 32. Rd1 Qxd3 33. Rxd3
Rc2 34. Kf1 Nb5 35. Rd1 f6 36. exf6 gxf6 37. g4 Kf7 38. Rd3 Bd6 39. f4 Bb4 40.
Rh3 Rd2 41. Rxh7+ Kg6 42. Rh3 Nxd4 43. Nxd4 Rxd4 44. Rf3 e5 45. fxe5 fxe5 46.
Rf5 e4 47. Nb6 Rd1+ 48. Kg2 d4 49. Nc4 d3 50. Rd5 Rc1 51. Ne5+ Kf6 52. Nxd3
Rc2+ 53. Nf2 e3 54. Rf5+ Kg6 55. Kg3 Be1 56. Re5 Bxf2+ 57. Kf3 Bg1 58. h4 Kf6
59. Re4 Rb2 60. g5+ Kg6 61. Re6+ Kf5 62. Ra6 Ra2 63. Rf6+ Ke5 64. Rc6 Rf2+ 65.
Kg4 e2 66. Rc8 Rf4+ 67. Kh5 Re4 0-1

[Event "European Youth Chess Championship B18"]
[Site "Prague, Top Hotel Prague"]
[Date "2016.08.25"]
[Round "7.19"]
[White "Nikolovski, Nikola"]
[Black "Morozov, Nichita"]
[Result "0-1"]
[WhiteElo "2252"]
[BlackElo "2398"]
[PlyCount "100"]
[EventDate "2016.08.18"]

1. f4 d5 2. Nf3 c5 3. e3 a6 4. Be2 Nc6 5. O-O g6 6. d3 Nf6 7. Ne5 Qc7 8. Nxc6
Qxc6 9. Bf3 Bg7 10. Nc3 O-O 11. e4 e6 12. a4 Rd8 13. Qe1 Bd7 14. g4 dxe4 15.
dxe4 Qc7 16. Qf2 Ne8 17. Kh1 Bd4 18. Qh4 Bc6 19. Nd1 f5 20. c3 fxe4 21. Bg2 Bg7
22. f5 Qf7 23. f6 Bf8 24. Bf4 Bd6 25. Ne3 Bxf4 26. Rxf4 Nd6 27. Qg5 b6 28. a5
Qf8 29. Qe5 Re8 30. axb6 Nf7 31. Qc7 Rac8 32. Qa7 Qh6 33. Raf1 e5 34. Rxe4 Bxe4
35. Bxe4 Qxe3 36. Bd5 Rf8 37. c4 Qe2 38. Kg1 e4 39. b7 Rb8 40. g5 Qxb2 41. Qxa6
Kh8 42. Qc6 Qe5 43. Bxf7 Rxf7 44. Qc8+ Qe8 45. Qxc5 Rfxb7 46. Qd4 Rd7 47. Qa1
Kg8 48. c5 Qe6 49. Re1 e3 50. Qc3 Qd5 0-1

[Event "European Youth Chess Championship B18"]
[Site "Prague, Top Hotel Prague"]
[Date "2016.08.25"]
[Round "7.20"]
[White "Triger, Ramon"]
[Black "Haria, Ravi"]
[Result "0-1"]
[WhiteElo "2215"]
[BlackElo "2394"]
[PlyCount "120"]
[EventDate "2016.08.18"]

1. Nf3 Nf6 2. g3 e6 3. Bg2 d5 4. O-O Be7 5. d3 c5 6. Nbd2 Nc6 7. e4 b6 8. Re1
Bb7 9. c3 Qc7 10. a3 a5 11. a4 Ba6 12. exd5 Nxd5 13. Nc4 h6 14. Nfd2 O-O 15.
Nb1 Rfd8 16. Nba3 Rab8 17. Nb5 Qd7 18. Qg4 Kh8 19. Bf4 Nxf4 20. Qxf4 Bf6 21.
Nbd6 Bxc4 22. Nxc4 Ne7 23. Red1 Nf5 24. h4 Nd6 25. Ne3 Ne8 26. Ng4 Qd6 27. Qf3
Rd7 28. Qe3 Rbd8 29. Be4 Kg8 30. Qf3 Rc8 31. Bb7 Rcc7 32. Ba6 Rd8 33. Bb5 Qe7
34. Bxe8 Rxe8 35. Ra3 Rd7 36. Rb3 Rd6 37. Qf4 Red8 38. Rb5 e5 39. Qe4 Qe6 40.
Ne3 Qa2 41. Nf5 Re6 42. Ne3 Be7 43. Qc4 Qxc4 44. Nxc4 e4 45. d4 cxd4 46. Rxd4
Rb8 47. b4 axb4 48. cxb4 Rc8 49. Nxb6 Rc1+ 50. Kg2 Rc2 51. Kh3 Rxf2 52. a5 e3
53. a6 e2 54. a7 e1=Q 55. a8=Q+ Kh7 56. Qa3 Qf1+ 57. Kg4 f5+ 58. Rxf5 Rxf5 59.
Rf4 Rxf4+ 60. gxf4 Qg2+ 0-1

[Event "European Youth Chess Championship B18"]
[Site "Prague, Top Hotel Prague"]
[Date "2016.08.25"]
[Round "7.21"]
[White "Plenca, Jadranko"]
[Black "Hollan, Petr"]
[Result "1-0"]
[WhiteElo "2389"]
[BlackElo "2292"]
[PlyCount "63"]
[EventDate "2016.08.18"]

1. e4 e5 2. Nf3 Nf6 3. Nc3 Nc6 4. Bb5 Bb4 5. O-O O-O 6. d3 Nd4 7. Nxd4 exd4 8.
Ne2 c6 9. Ba4 a5 10. e5 Ng4 11. c3 dxc3 12. bxc3 Be7 13. d4 d6 14. h3 Nh6 15.
Bxh6 gxh6 16. f4 f5 17. c4 Kh8 18. Rb1 Rb8 19. Bxc6 dxe5 20. fxe5 Qc7 21. Bd5
Rd8 22. Nc3 Bg5 23. Nb5 Qe7 24. Nd6 Rxd6 25. exd6 Qxd6 26. Qf3 b6 27. Kh1 Bd7
28. c5 Qc7 29. Rfe1 bxc5 30. dxc5 Bf6 31. Rxb8+ Qxb8 32. c6 1-0

[Event "European Youth Chess Championship B18"]
[Site "Prague, Top Hotel Prague"]
[Date "2016.08.25"]
[Round "7.22"]
[White "Tuomainen, Felix"]
[Black "Tutisani, Noe"]
[Result "0-1"]
[WhiteElo "2087"]
[BlackElo "2366"]
[PlyCount "68"]
[EventDate "2016.08.18"]

1. d4 Nf6 2. c4 c5 3. d5 e6 4. Nc3 exd5 5. cxd5 d6 6. Nf3 g6 7. Nd2 a6 8. a4
Bg7 9. e4 O-O 10. Be2 Nbd7 11. O-O Ne8 12. Re1 Rb8 13. Qc2 Ne5 14. Nf1 f5 15.
f4 Nf7 16. Be3 fxe4 17. Ng3 Nf6 18. Ngxe4 Ng4 19. Bxg4 Bxg4 20. Ng3 Nh6 21. h3
Bf5 22. Nxf5 Nxf5 23. Bf2 Nd4 24. Qe4 Re8 25. Qd3 Qf6 26. Re4 Rxe4 27. Qxe4 Rf8
28. a5 g5 29. Re1 gxf4 30. Qe7 Qg6 31. Kh1 f3 32. gxf3 Rxf3 33. Qd8+ Rf8 34.
Qh4 Nf3 0-1